Countries Buckcherry has Visited - Statistics

General Stats
  • This quiz has been taken 7 times
  • The average score is 21 of 23
Answer Stats
Continent Countries % Correct
South America Argentina
100%
Oceania Australia
100%
Europe Austria
100%
Europe Belgium
100%
South America Brazil
100%
Europe France
100%
Europe Germany
100%
Europe Italy
100%
North America Mexico
100%
Europe Spain
100%
Europe United Kingdom
100%
North America United States of America
100%
North America Canada
80%
South America Chile
80%
Europe Czech Republic
80%
Europe Denmark
80%
Europe Ireland
80%
Asia Japan
80%
Europe Netherlands
80%
Oceania New Zealand
80%
Europe Norway
80%
Europe Sweden
80%
Europe Luxembourg
60%
No matching quizzes found
Score Distribution
Percent of People with Each Score
Percentile by Number Answered
Your Score History
You have not taken this quiz